| 000 | 00863nam a2200301Ia 4500 | ||
|---|---|---|---|
| 001 | 33866 | ||
| 003 | IT-RoPAU | ||
| 008 | 130308s9999 xx 000 0 und d | ||
| 040 | _aIT-RoPAU | ||
| 040 | _cIT-RoPAU | ||
| 041 | _aFRANCESE | ||
| 100 | _aCouchot Edmond | ||
| 100 | _gCodice Aut. SPICS: 14964 | ||
| 245 | _aPrise de vue, prise de temps | ||
| 245 | _bCahiers de la photographie (Les) | ||
| 250 | _a1a ed. | ||
| 260 | _aLAPLUME/PARIS | ||
| 260 | _bACCP | ||
| 260 | _c1983 [1° Ed.:1983 - Ed.Ling.Originale:1982] | ||
| 300 | _a"9 p. (prefazione: no ; testo: 9 [pagine: 101-109])" | ||
| 500 | _aPercezione e Tempo fotografico Posa Temporalità e Comunicazione Linguistica immagine e Sacralita' | ||
| 650 | _aLINGUAGGIO FOTOGRAFICO | ||
| 650 | _eCodice materia Spics: 6754 | ||
| 942 | _cBK | ||
| 957 | _71 | ||
| 999 |
_c50697 _d50697 |
||
| 999 | _bSI | ||
| 999 | _g1 | ||